Score 0/5 Timer 00:30
0 Plays Today
Hint Answer % Correct
pinocchio's grew when he liednose
94.9%
what color is an apple?red
94.9%
communists seek to achieve _________ between everyone.equality
69.2%
roses are to red as violets are to _______violet
48.7%
and so noone gets a perfect score, Guess the number i am thinking of between 6 and 47.donut
15.4%
Remove Ads.
Support Sporcle.
Get the best of Sporcle when you Go Orange. This ad-free experience offers more features, more stats, and more fun while also helping to support Sporcle. Thank you for becoming a member.

You're not logged in!

Compare scores with friends on all Sporcle quizzes.
OR
Log In

Show Comments

Extras

Created Oct 3, 2013ReportNominate
Tags:impossible

Top Quizzes Today


Score Distribution

Your Account Isn't Verified!

In order to create a playlist on Sporcle, you need to verify the email address you used during registration. Go to your Sporcle Settings to finish the process.

Report this User

Report this user for behavior that violates our Community Guidelines.

Details: